000 00244nam a2200097Ia 4500
001 695173
005 20250826161947.0
008 250824s9999 xx 000 0 und d
245 0 _aONLAR HEP ORADAYDI
_cSUNAY AKIN
260 _bTÜRKİYE İŞ BANKASI
999 _c695173
_d695173